Energy security index
Definovanie energetickej bezpečnosti. Indexy. Index USA pre riziko energetickej bezpečnosti. Kvantitatívne metódy IEA (International Energy Agency) pre meranie energetickej bezpečnosti. Index európskej bezpečnosti pre zahraničné dodávky energie.
Na minha lista:
| Autor principal: | |
|---|---|
| Formato: | Capítulo de Livro |
| Idioma: | inglês |
| Assuntos: | |
| Tags: |
Sem tags, seja o primeiro a adicionar uma tag!
|
MARC
| LEADER | 00000naa a2200000 4500 | ||
|---|---|---|---|
| 001 | 0132549 | ||
| 005 | 20240502083325.4 | ||
| 041 | 0 | |a eng | |
| 044 | |a CZ | ||
| 245 | 1 | 0 | |a Energy security index |c Recenzoval: Martin Grešš |
| 520 | |a Definovanie energetickej bezpečnosti. Indexy. Index USA pre riziko energetickej bezpečnosti. Kvantitatívne metódy IEA (International Energy Agency) pre meranie energetickej bezpečnosti. Index európskej bezpečnosti pre zahraničné dodávky energie. | ||
| 610 | 2 | 0 | |a bezpečnosť energetická |
| 610 | 2 | 0 | |a indexy |
| 610 | 2 | 0 | |a riziko |
| 100 | 1 | |a Bocora, Ján | |